[Event "BL 0506 SF Berlin - Godesberger SK"]
[Site "?"]
[Date "2005.12.11"]
[Round "6.3"]
[White "Sprenger, Jan-Michael"]
[Black "Polzin, Rainer"]
[Result "1-0"]
[WhiteElo "2505"]
[BlackElo "2514"]
[PlyCount "135"]
[EventDate "2005.??.??"]

1. d4 Nf6 2. Nf3 g6 3. c4 Bg7 4. Nc3 d6 5. e4 O-O 6. Be2 Na6 7. O-O e5 8. Be3
Ng4 9. Bg5 Qe8 10. dxe5 dxe5 11. h3 f6 12. Bd2 Nh6 13. Be3 c6 14. Qa4 Nc7 15.
c5 Nf7 16. b4 f5 17. b5 f4 18. Bc1 Ne6 19. bxc6 bxc6 20. Bc4 Kh8 21. Rd1 {=}
Nfg5 22. Nxg5 Nxg5 23. f3 Qe7 24. Ba3 Bxh3 25. Rd3 Be6 26. Bxe6 Nxe6 27. Qxc6
Nd4 28. Qa4 Qh4 29. Qd1 g5 30. Ne2 g4 31. Nxd4 exd4 32. fxg4 f3 33. gxf3 Qg3+
34. Kf1 Qh3+ 35. Ke1 Qh1+ 36. Kd2 Bh6+ 37. Kc2 Qh2+ 38. Kb1 Rab8+ 39. Rb3 Bg7
40. Bb2 Qf2 41. c6 Rbc8 42. a4 Rxc6 43. Raa3 Rfc8 44. Rb7 Rc2 45. Qd3 R2c3 46.
Bxc3 dxc3 47. Qc2 Qxf3 48. Rab3 Qf1+ 49. Ka2 Qc4 50. R7b4 Qc7 51. Kb1 Qf4 52.
a5 Qxg4 53. Rb8 h5 54. Rxc8+ Qxc8 55. Rb5 Qe8 56. Qe2 Kg8 57. Qc4+ Kh7 58. Qd5
Qc8 59. Qxh5+ Kg8 60. Qd5+ Kh8 61. Qd1 Kg8 62. Qd5+ Kh8 63. Kc2 a6 64. Rb1 Kh7
65. Rh1+ Kg6 66. Qh5+ Kf6 67. Rf1+ Ke6 68. Qd5+ 1-0

[Event "BL 0506 SF Berlin - Godesberger SK"]
[Site "?"]
[Date "2005.12.11"]
[Round "6.4"]
[White "Berndt, Stephan"]
[Black "Seel, Christian"]
[Result "1/2-1/2"]
[WhiteElo "2447"]
[BlackElo "2492"]
[PlyCount "94"]
[EventDate "2005.??.??"]

1. e4 e5 2. Nf3 Nc6 3. Bb5 Nf6 4. O-O Nxe4 5. d4 Nd6 6. Bxc6 dxc6 7. dxe5 Nf5
8. Qxd8+ Kxd8 9. Nc3 Ne7 10. h3 Ng6 11. Be3 Ke8 12. a3 Be7 13. Rfe1 Nh4 14.
Nxh4 Bxh4 15. Ne2 Be7 16. Nd4 c5 17. Ne2 Kd7 18. Nf4 Kc6 19. Rad1 {=} Re8 20.
g4 Bf8 21. Bc1 a5 22. Ng2 h5 23. f3 b5 24. Kf2 hxg4 25. hxg4 g6 26. Bg5 c4 27.
c3 b4 28. axb4 axb4 29. cxb4 Bxb4 30. Bd2 Bxd2 31. Rxd2 Ra5 32. Rc1 Rexe5 33.
Rxc4+ Rac5 34. Rxc5+ Kxc5 35. Rc2+ Kb6 36. Ne3 Rc5 37. Rd2 Be6 38. f4 Kb5 39.
Kf3 Kb4 40. Ke4 f5+ 41. gxf5 Bxf5+ 42. Kd4 c6 43. Rd1 Rb5 44. Rc1 c5+ 45. Kd5
Bd3 46. Rc3 c4+ 47. Kd4 g5 1/2-1/2

[Event "BL 0506 SF Berlin - Godesberger SK"]
[Site "?"]
[Date "2005.12.11"]
[Round "6.6"]
[White "Schneider, Ilja"]
[Black "Grafl, Florian"]
[Result "1-0"]
[WhiteElo "2392"]
[BlackElo "2413"]
[PlyCount "41"]
[EventDate "2005.??.??"]

1. d4 f5 2. Qd3 d6 3. g4 fxg4 4. h3 Nf6 5. hxg4 Bxg4 6. Bh3 Qd7 7. Bxg4 Qxg4 8.
Nf3 Nbd7 9. Rh4 Qe6 10. Nc3 Nb6 11. Ng5 Qc4 12. Qh3 Nbd5 13. Nxd5 Nxd5 14. Rxh7
Rxh7 15. Qxh7 Nf6 16. Qf5 Qxd4 17. Qb5+ c6 18. Qxb7 Rd8 19. Qxc6+ Rd7 20. Qc8+
Rd8 21. Qxd8+ 1-0

[Event "BL 0506 SF Berlin - Godesberger SK"]
[Site "?"]
[Date "2005.12.11"]
[Round "6.7"]
[White "Jackelen, Thomas"]
[Black "Thiede, Lars"]
[Result "0-1"]
[WhiteElo "2454"]
[BlackElo "2417"]
[PlyCount "104"]
[EventDate "2005.??.??"]

1. Nf3 Nf6 2. c4 g6 3. Nc3 Bg7 4. e4 d6 5. d4 O-O 6. Be2 Na6 7. O-O e5 8. Be3
Ng4 9. Bg5 Qe8 10. dxe5 dxe5 11. h3 f6 12. Bd2 Nh6 13. c5 Nxc5 14. Qc1 Nf7 15.
Nd5 Ne6 16. Nxc7 Nxc7 17. Qxc7 Nd8 18. Rfc1 Be6 19. b4 Rc8 20. Qa5 Nc6 21. Qa3
a6 22. Qb2 Qf7 23. a4 Rfd8 24. Be3 Bf8 25. b5 Nb8 26. Nd2 axb5 27. axb5 Nd7 28.
b6 Bc5 29. Nc4 Bxe3 30. Nxe3 Nc5 31. f3 Nb3 32. Rxc8 Rxc8 33. Ra7 Rc6 34. Qa3
Nd4 35. Bf1 Rxb6 36. Nc4 Rc6 37. Nd6 Qe7 38. Ra8+ Kg7 39. Ne8+ Kf7 40. Qa5 Bc8
41. Qd5+ Kxe8 42. Qg8+ Kd7 43. Qd5+ Rd6 44. Qg8 Rc6 45. Qd5+ Kc7 46. Qa5+ b6
47. Qa7+ Kd8 48. Qa2 Qe6 49. Qa3 Ke8 50. Qa7 Qd7 51. Qa2 Kf8 52. Bc4 Kg7 0-1

[Event "BL 0506 SF Berlin - Godesberger SK"]
[Site "?"]
[Date "2005.12.11"]
[Round "6.8"]
[White "Rudolf, Henrik"]
[Black "Schmidt, Bodo"]
[Result "0-1"]
[WhiteElo "2346"]
[BlackElo "2332"]
[PlyCount "80"]
[EventDate "2005.??.??"]

1. e4 e6 2. d4 d5 3. Nc3 Bb4 4. e5 c5 5. a3 Bxc3+ 6. bxc3 Qa5 7. Bd2 Qa4 8. Nf3
b6 9. c4 Ba6 10. cxd5 Bxf1 11. Kxf1 exd5 12. dxc5 bxc5 13. Qe2 Ne7 14. e6 f6
15. c4 d4 16. g3 Qc6 17. h4 Na6 18. h5 Rb8 19. Kg2 O-O 20. Bf4 Rb6 21. Rhe1 Nc7
22. Bxc7 Qxc7 23. Rab1 Qc6 24. Rb5 Rfb8 25. Reb1 Rxb5 26. cxb5 Qd5 27. a4 d3
28. Qe3 Rb6 29. Rc1 c4 30. Qf4 Rxe6 31. Rxc4 d2 32. Rd4 d1=Q 33. Qb8+ Kf7 34.
Rxd1 Qxd1 35. Qxa7 Qb3 36. Qa8 Rd6 37. h6 Qd5 38. Qb8 Rd8 39. Qf4 Ng6 40. Qc7+
Rd7 0-1

[Event "BL 0506 SC Eppingen - SV Wattenscheid"]
[Site "?"]
[Date "2005.12.11"]
[Round "6.1"]
[White "Sargissian, Gabriel"]
[Black "Gyimesi, Zoltan"]
[Result "1/2-1/2"]
[WhiteElo "2610"]
[BlackElo "2624"]
[PlyCount "50"]
[EventDate "2005.??.??"]

1. d4 Nf6 2. c4 e6 3. Nf3 d5 4. Nc3 c5 5. cxd5 Nxd5 6. e4 Nxc3 7. bxc3 cxd4 8.
cxd4 Bb4+ 9. Bd2 Bxd2+ 10. Qxd2 O-O 11. Bc4 b6 12. O-O Bb7 13. Rfe1 Nd7 14.
Rad1 Rc8 15. Bd3 Qc7 16. Bb1 Rfd8 17. d5 exd5 18. exd5 Qd6 19. Nd4 g6 20. Nb5
Qf6 21. Nxa7 Rc5 22. Nc6 Bxc6 23. dxc6 Rxc6 24. h3 Rcc8 25. Qd6 Kg7 1/2-1/2

[Event "BL 0506 SC Eppingen - SV Wattenscheid"]
[Site "?"]
[Date "2005.12.11"]
[Round "6.2"]
[White "Postny, Evgeny"]
[Black "Macieja, Bartlomiej"]
[Result "1/2-1/2"]
[WhiteElo "2571"]
[BlackElo "2592"]
[PlyCount "124"]
[EventDate "2005.??.??"]

1. d4 Nf6 2. c4 e6 3. Nf3 b6 4. g3 Ba6 5. Qa4 Bb7 6. Bg2 c5 7. dxc5 Bxc5 8. O-O
O-O 9. Nc3 Be7 10. Bf4 Na6 11. Rfd1 Nc5 12. Qc2 Qc8 13. Rac1 Nce4 14. Nd4 Nxc3
15. Qxc3 a6 16. Qb3 Bxg2 17. Kxg2 Qb7+ 18. Qf3 Ra7 19. Qxb7 Rxb7 20. f3 Rc8 21.
e4 d6 22. Ne2 Rc6 23. b3 h6 24. h4 Nd7 25. Rd2 Ne5 26. Be3 h5 27. f4 Ng4 28.
Bg1 g6 29. Kf3 Bf8 30. Rdc2 Rc8 31. b4 Nf6 32. Nd4 e5 33. Nb3 Nd7 34. a3 Rbc7
35. Be3 Be7 36. Bf2 f5 37. exf5 gxf5 38. Ke2 Kf7 39. Nd2 b5 40. fxe5 Nxe5 41.
c5 dxc5 42. Bxc5 Bxc5 43. Rxc5 Rxc5 44. Rxc5 Rxc5 45. bxc5 Ke6 46. Ke3 a5 47.
Nb3 Nc6 48. Kf4 Kf6 49. Nc1 b4 50. axb4 Nxb4 51. Ke3 a4 52. Kd4 a3 53. Kc3 a2
54. Nb3 Na6 55. Kb2 Ke5 56. Kxa2 f4 57. gxf4+ Kxf4 58. Ka3 Nxc5 59. Nxc5 Kg4
60. Ne4 Kxh4 61. Nf6 Kg5 62. Nxh5 Kxh5 1/2-1/2

[Event "BL 0506 SC Eppingen - SV Wattenscheid"]
[Site "?"]
[Date "2005.12.11"]
[Round "6.5"]
[White "Handke, Florian"]
[Black "Meier, Georg"]
[Result "0-1"]
[WhiteElo "2460"]
[BlackElo "2411"]
[PlyCount "72"]
[EventDate "2005.??.??"]

1. e4 e6 2. d4 d5 3. Nd2 dxe4 4. Nxe4 Nd7 5. Nf3 Ngf6 6. Nxf6+ Nxf6 7. Bg5 h6
8. Be3 Nd5 9. Qd2 Bd6 10. O-O-O Bd7 11. c4 Nxe3 12. fxe3 Bc6 13. c5 Bxf3 14.
gxf3 Be7 15. f4 c6 16. Rg1 g5 17. f5 exf5 18. Kb1 Qc7 19. Qc2 f4 20. d5 cxd5
21. Bb5+ Kf8 22. Rxd5 Rd8 23. Rf5 Rg8 24. exf4 Rd4 25. Bc4 Rg7 26. Bxf7 Rxf4
27. Bb3+ Bf6 28. Rf1 Rxf1+ 29. Rxf1 Qe5 30. Qf2 Rg6 31. Re1 Qd4 32. Qe2 h5 33.
Rd1 Qe5 34. Rd8+ Ke7 35. Qxe5+ Bxe5 36. Rh8 Bxh8 0-1

[Event "BL 0506 SC Eppingen - SV Wattenscheid"]
[Site "?"]
[Date "2005.12.11"]
[Round "6.6"]
[White "Medvegy, Zoltan"]
[Black "Appel, Ralf"]
[Result "1/2-1/2"]
[WhiteElo "2478"]
[BlackElo "2488"]
[PlyCount "71"]
[EventDate "2005.??.??"]

1. e4 Nf6 2. e5 Nd5 3. d4 d6 4. Nf3 g6 5. Bc4 c6 6. exd6 Qxd6 7. O-O Bg7 8. h3
O-O 9. Bb3 Nd7 10. c4 N5f6 11. Nc3 b6 12. Re1 Bb7 13. Bg5 e6 14. Qd2 Rfe8 15.
Rad1 a6 16. Ne5 Qf8 17. Nxd7 Nxd7 18. Ne4 f5 19. Nc3 Kh8 20. c5 bxc5 21. Bxe6
cxd4 22. Bxd7 dxc3 23. bxc3 Rxe1+ 24. Qxe1 c5 25. Be7 Qf7 26. Bxc5 Bd5 27. Bd4
Bxa2 28. Bc6 Rf8 29. Bc5 Rb8 30. Bb4 Qe6 31. Qxe6 Bxe6 32. Rd6 Bc4 33. Bd5 a5
34. Bxc4 axb4 35. cxb4 Bf8 36. Rd2 1/2-1/2

[Event "BL 0506 SC Eppingen - SV Wattenscheid"]
[Site "?"]
[Date "2005.12.11"]
[Round "6.7"]
[White "Lemmers, Oscar"]
[Black "Mann, Christian"]
[Result "0-1"]
[WhiteElo "2425"]
[BlackElo "2464"]
[PlyCount "58"]
[EventDate "2005.??.??"]

1. e4 d5 2. exd5 Qxd5 3. Nc3 Qa5 4. Bc4 Nf6 5. d4 Bg4 6. f3 Bf5 7. Nge2 e6 8.
O-O Nbd7 9. Ng3 Bg6 10. Qe2 O-O-O 11. a3 e5 12. Kh1 exd4 13. Nb5 a6 14. Nxd4 h5
15. Rd1 h4 16. Nf1 h3 17. g3 Re8 18. Qf2 Ne5 19. Ba2 Qb6 20. Be3 c5 21. Nb3
Nxf3 22. Nbd2 Ne5 23. Kg1 Bxc2 24. Nc4 Nxc4 25. Qxc2 Nxe3 26. Nxe3 Rxe3 27.
Qf5+ Re6 28. Bxe6+ fxe6 29. Qf2 Ng4 0-1

[Event "BL 0506 SC Eppingen - SV Wattenscheid"]
[Site "?"]
[Date "2005.12.11"]
[Round "6.8"]
[White "Rau, Hannes"]
[Black "Straeter, Timo"]
[Result "0-1"]
[WhiteElo "2421"]
[BlackElo "2342"]
[PlyCount "124"]
[EventDate "2005.??.??"]

1. d4 e6 2. c4 Nf6 3. Nc3 d5 4. cxd5 exd5 5. Bg5 c6 6. e3 Be7 7. Bd3 O-O 8. Qc2
Nbd7 9. Nf3 Re8 10. O-O Nf8 11. h3 Be6 12. Rab1 Nh5 13. Bxe7 Rxe7 14. b4 Rc8
15. Na4 g6 16. Nc5 Qd6 17. Rfc1 Ng7 18. Nxe6 Ngxe6 19. Qb3 a6 20. Bf1 Nd7 21.
a4 Rd8 22. Rc2 Nf6 23. Rbc1 Rc7 24. b5 axb5 25. axb5 Rdc8 26. Qa4 cxb5 27. Bxb5
Kg7 28. Bd3 Rxc2 29. Rxc2 Rxc2 30. Qxc2 Qb4 31. g3 h6 32. Kg2 Ng5 33. Ne5 Qe7
34. Qc8 Qe6 35. Qxe6 Nxe6 36. Kf1 Kf8 37. Ke2 Ke7 38. h4 Nd7 39. Nxd7 Kxd7 40.
Kd2 Nc7 41. Kc3 Ke6 42. Kb4 b6 43. Bc2 g5 44. h5 f5 45. f4 g4 46. Bb1 Ne8 47.
Kb5 Nf6 48. Kxb6 Nxh5 49. Kc6 Nf6 50. Bd3 h5 51. Bf1 Ne4 52. Bg2 Nxg3 53. Bxd5+
Ke7 54. Kc7 h4 55. Bh1 Nh5 56. d5 Nf6 57. d6+ Ke6 58. Bc6 h3 59. d7 Nxd7 60.
Bxd7+ Kf6 61. Kd6 g3 62. e4 fxe4 0-1

[Event "BL 0506 TV Tegernsee - Solinger SG"]
[Site "?"]
[Date "2005.12.11"]
[Round "6.6"]
[White "Hertneck, Gerald"]
[Black "Smeets, Jan"]
[Result "1-0"]
[WhiteElo "2535"]
[BlackElo "2531"]
[PlyCount "95"]
[EventDate "2005.??.??"]

1. d4 d5 2. c4 c6 3. Nf3 Nf6 4. Nbd2 Bf5 5. Qb3 Qb6 6. Qxb6 axb6 7. cxd5 cxd5
8. e3 Nc6 9. Bb5 Bd7 10. Ke2 Nb4 11. Bxd7+ Nxd7 12. a3 e6 13. Rb1 Nc6 14. b4 b5
15. Nb3 Nb6 16. Nc5 Ra7 17. Nd2 Ne7 18. Rb3 Nf5 19. Nb1 Na4 20. f3 Be7 21. Rd3
Nd6 22. e4 dxe4 23. fxe4 O-O 24. Nxa4 bxa4 25. Nc3 Rc8 26. Bf4 Ra6 27. Rc1 Kf8
28. e5 Ne8 29. Nb5 Rxc1 30. Bxc1 Bd8 31. d5 Nc7 32. Nxc7 Bxc7 33. d6 Bd8 34.
Rc3 Ra8 35. d7 Ke7 36. Rc8 Ra6 37. Bg5+ f6 38. exf6+ gxf6 39. Bxf6+ Kxf6 40.
Rxd8 Ke7 41. Rb8 Kxd7 42. Rxb7+ Kd6 43. Rxh7 Rc6 44. Kd2 Kd5 45. Ra7 e5 46.
Ra5+ Ke4 47. Rxa4 Rc4 48. Ra5 1-0

[Event "BL 0506 TV Tegernsee - Solinger SG"]
[Site "?"]
[Date "2005.12.11"]
[Round "6.7"]
[White "Hoffmann, Michael"]
[Black "Teske, Henrik"]
[Result "1/2-1/2"]
[WhiteElo "2443"]
[BlackElo "2487"]
[PlyCount "47"]
[EventDate "2005.??.??"]

1. d4 d5 2. c4 e6 3. Nc3 a6 4. e3 Nf6 5. Nf3 c5 6. cxd5 exd5 7. Be2 Nc6 8. O-O
Be6 9. b3 Bd6 10. Bb2 O-O 11. Rc1 Qe7 12. Na4 cxd4 13. Nxd4 Ne5 14. Nc5 Bxc5
15. Nxe6 fxe6 16. Bxe5 Rac8 17. Bd3 Bd6 18. Bxf6 Qxf6 19. Rc2 g6 20. g3 Kg7 21.
Re1 Rxc2 22. Qxc2 Rf7 23. Bf1 Rc7 24. Qe2 1/2-1/2

[Event "BL 0506 TV Tegernsee - Solinger SG"]
[Site "?"]
[Date "2005.12.11"]
[Round "6.8"]
[White "Bromberger, Stefan"]
[Black "Ernst, Sipke"]
[Result "1-0"]
[WhiteElo "2478"]
[BlackElo "2473"]
[PlyCount "99"]
[EventDate "2005.??.??"]

1. d4 d5 2. c4 c6 3. Nc3 Nf6 4. Nf3 a6 5. e3 b5 6. c5 g6 7. Bd3 Bf5 8. Bxf5
gxf5 9. Ne5 a5 10. Qc2 e6 11. Bd2 Rg8 12. Rg1 Ng4 13. Nxg4 Rxg4 14. O-O-O Qh4
15. h3 Rg6 16. f3 Nd7 17. Qd3 a4 18. Kb1 Rb8 19. Ne2 Bh6 20. Be1 Qf6 21. Bg3
Ra8 22. Bd6 Bf8 23. Nf4 Rg8 24. Bxf8 Kxf8 25. g4 fxg4 26. fxg4 e5 27. Nh5 Qg6
28. Rgf1 Qxd3+ 29. Rxd3 Rg6 30. Rd2 Ke7 31. Rdf2 Rf8 32. Kc2 Re6 33. Ng7 Rg6
34. Nh5 Re6 35. Kd3 Rg6 36. Ng3 Ke6 37. Nh5 Ke7 38. Rf5 f6 39. R5f2 Rh6 40. Kc3
Rg6 41. b3 axb3 42. axb3 Ra8 43. Kb4 Ra6 44. g5 Rxg5 45. Nxf6 Nb8 46. Ng4 exd4
47. Rf7+ Kd8 48. Rf8+ Kc7 49. R1f7+ Nd7 50. Nf6 1-0

[Event "BL 0506 SG Kirchheim - SV Mülheim Nord"]
[Site "?"]
[Date "2005.12.10"]
[Round "5.1"]
[White "Landa, Konstantin"]
[Black "Wippermann, Till"]
[Result "1-0"]
[WhiteElo "2600"]
[BlackElo "2446"]
[PlyCount "109"]
[EventDate "2005.??.??"]

1. e4 c5 2. Nc3 g6 3. d4 cxd4 4. Qxd4 Nf6 5. Nf3 Nc6 6. Qa4 d6 7. e5 Ng4 8. Bb5
Bg7 9. exd6 Qxd6 10. O-O O-O 11. Bf4 e5 12. Rad1 Qb4 13. Bc1 Qxa4 14. Bxa4 Be6
15. h3 Nh6 16. Rfe1 Nf5 17. Ng5 Bc8 18. Nd5 Rb8 19. c3 b5 20. Bb3 Na5 21. Bc2
Rb7 22. Ne4 Ne7 23. Nd6 Nxd5 24. Rxd5 Rb6 25. Be3 Ra6 26. Nxc8 Rxc8 27. Rxb5
Nc4 28. Bb3 Nxb2 29. Bd5 Rd6 30. c4 e4 31. Rb7 Be5 32. Bxf7+ Kh8 33. Rb1 Nxc4
34. Bxc4 Rxc4 35. g4 Rdc6 36. Rxa7 Rc7 37. Ra8+ Kg7 38. Rd1 Bf6 39. Kg2 h5 40.
g5 Be7 41. Kg3 Bc5 42. Rad8 Rf7 43. R8d7 Bxe3 44. fxe3 Ra4 45. R1d2 Ra5 46. h4
Raf5 47. Rxf7+ Rxf7 48. a4 Rf3+ 49. Kg2 Rxe3 50. Ra2 Rd3 51. a5 e3 52. Kf3 e2+
53. Kxe2 Rd4 54. a6 Rxh4 55. Kd3 1-0

[Event "BL 0506 SG Kirchheim - SV Mülheim Nord"]
[Site "?"]
[Date "2005.12.10"]
[Round "5.4"]
[White "Wintzer, Joachim Dr"]
[Black "Schebler, Gerhard"]
[Result "1-0"]
[WhiteElo "2324"]
[BlackElo "2474"]
[PlyCount "59"]
[EventDate "2005.??.??"]

1. c4 g6 2. d4 Bg7 3. e4 d6 4. Nc3 e5 5. Nge2 exd4 6. Nxd4 Nc6 7. Be3 Nge7 8.
Nxc6 bxc6 9. Bd4 f6 10. c5 O-O 11. cxd6 cxd6 12. Bc4+ Kh8 13. O-O Rb8 14. Qd2
Rb4 15. b3 c5 16. Be3 f5 17. Rfd1 Qe8 18. Rac1 fxe4 19. Qxd6 Nf5 20. Qxc5 Rb7
21. Ba6 Rb8 22. Bb5 Qe6 23. Bc4 Qf6 24. Bf4 Rb7 25. Nxe4 Qb2 26. Bb5 Nd4 27.
Qxf8+ Bxf8 28. Be5+ Rg7 29. Rxc8 h5 30. Bxd4 1-0

[Event "BL 0506 SG Kirchheim - SV Mülheim Nord"]
[Site "?"]
[Date "2005.12.10"]
[Round "5.5"]
[White "Saltaev, Mihail"]
[Black "Rudolph, Johannes"]
[Result "1-0"]
[WhiteElo "2498"]
[BlackElo "2314"]
[PlyCount "63"]
[EventDate "2005.??.??"]

1. e4 Nf6 2. e5 Nd5 3. d4 d6 4. c4 Nb6 5. exd6 cxd6 6. Nc3 g6 7. h3 Bg7 8. Nf3
O-O 9. Be3 Nc6 10. Rc1 e5 11. dxe5 dxe5 12. c5 Nd7 13. Bb5 Nd4 14. Nxd4 exd4
15. Bxd4 Bxd4 16. Qxd4 Qg5 17. O-O Nxc5 18. f4 Ne6 19. Qe4 Qc5+ 20. Kh1 Qd4 21.
Qf3 a6 22. Ba4 Rb8 23. Rcd1 Qg7 24. f5 gxf5 25. Qxf5 b5 26. Bb3 Bb7 27. Bd5 Kh8
28. Bxb7 Rxb7 29. Ne4 Rc7 30. Rd3 Rc4 31. Rg3 Nd4 32. Qh5 1-0

[Event "BL 0506 SG Kirchheim - SV Mülheim Nord"]
[Site "?"]
[Date "2005.12.10"]
[Round "5.6"]
[White "Zuse, Klaus-Peter"]
[Black "Hausrath, Daniel"]
[Result "0-1"]
[WhiteElo "2333"]
[BlackElo "2463"]
[PlyCount "68"]
[EventDate "2005.??.??"]

1. c4 e5 2. g3 Nc6 3. Bg2 f5 4. d3 Nf6 5. Nc3 Bb4 6. Bd2 O-O 7. a3 Bxc3 8. Bxc3
d6 9. Nf3 Qe8 10. Qc2 a5 11. b3 Bd7 12. h3 e4 13. dxe4 fxe4 14. Ng5 Bf5 15.
Bxf6 gxf6 16. Nxe4 Qe5 17. O-O Rae8 18. f3 Bxe4 19. fxe4 Qxg3 20. Rad1 Kh8 21.
c5 Rg8 22. Rf2 Qxh3 23. cxd6 Re5 24. Rd3 Qh4 25. Qc3 cxd6 26. Rxd6 Qxe4 27.
Rdxf6 Nd4 28. Kh2 Rh5+ 29. Bh3 Qe5+ 30. R6f4 Nxe2 31. Qxe5+ Rxe5 32. Rf7 Nd4
33. Rxb7 Re2 34. Rxe2 Nf3+ 0-1

[Event "BL 0506 SG Kirchheim - SV Mülheim Nord"]
[Site "?"]
[Date "2005.12.10"]
[Round "5.7"]
[White "Lytchak, Alexander Dr"]
[Black "Adler, Joel Dr"]
[Result "1/2-1/2"]
[WhiteElo "2440"]
[BlackElo "2318"]
[PlyCount "128"]
[EventDate "2005.??.??"]

1. Nf3 d6 2. d4 Nf6 3. g3 g6 4. Bg2 Bg7 5. O-O O-O 6. Nc3 Nbd7 7. e4 e5 8. Re1
exd4 9. Nxd4 Nc5 10. h3 Re8 11. Bf4 h6 12. Kh2 a6 13. Nb3 Nxb3 14. axb3 Bd7 15.
Qd2 Kh7 16. e5 dxe5 17. Bxe5 Bf5 18. Qxd8 Raxd8 19. Bxc7 Rxe1 20. Rxe1 Rd7 21.
Bb6 Bxc2 22. b4 Bb3 23. Bc5 Be6 24. Ra1 h5 25. Be3 Bf8 26. b5 axb5 27. Ra8 Bg7
28. Nxb5 Bd5 29. Rb8 h4 30. Nc3 hxg3+ 31. fxg3 Bxg2 32. Kxg2 Nh5 33. g4 Be5 34.
Re8 Nf4+ 35. Bxf4 Bxf4 36. Ne4 Kg7 37. g5 Bxg5 38. Nxg5 Rd2+ 39. Kg3 Rxb2 40.
Re3 Rb5 41. h4 Rf5 42. Re7 b5 43. Rb7 Kg8 44. Kg4 Kg7 45. Ne4 Rd5 46. Ng5 Rf5
47. Ne6+ Kh6 48. Nf4 Kg7 49. h5 Kh6 50. Rb6 Rg5+ 51. Kf3 Kh7 52. hxg6+ fxg6 53.
Ne6 Rf5+ 54. Kg4 Rd5 55. Nf4 Rc5 56. Rxg6 Re5 57. Rb6 Kg7 58. Ng6 Rc5 59. Kf4
Rh5 60. Ne5 Rh1 61. Rxb5 Kf6 62. Rb6+ Ke7 63. Nd3 Kf7 64. Kf5 Rh5+ 1/2-1/2

[Event "BL 0506 SG Kirchheim - SV Mülheim Nord"]
[Site "?"]
[Date "2005.12.10"]
[Round "5.8"]
[White "Biebinger, Gerhard"]
[Black "Wegener, Olaf"]
[Result "1-0"]
[WhiteElo "2309"]
[BlackElo "2404"]
[PlyCount "45"]
[EventDate "2005.??.??"]

1. c4 Nf6 2. Nc3 e6 3. e4 d5 4. e5 d4 5. exf6 dxc3 6. bxc3 Qxf6 7. Nf3 e5 8.
Bd3 Bd6 9. O-O Na6 10. Re1 Bg4 11. Be4 Nc5 12. d4 Nxe4 13. Rxe4 Qg6 14. Qa4+ c6
15. Rxe5+ Bxe5 16. Nxe5 Qe4 17. Ba3 f6 18. Nxg4 Qxg4 19. Re1+ Kf7 20. Re7+ Kg8
21. h3 Qf5 22. Qb3 b6 23. g4 1-0

[Event "BL 0506 OSC Baden Baden - SF Katernberg"]
[Site "?"]
[Date "2005.12.10"]
[Round "5.2"]
[White "Svidler, Peter"]
[Black "Erenburg, Sergey"]
[Result "1/2-1/2"]
[WhiteElo "2740"]
[BlackElo "2582"]
[PlyCount "39"]
[EventDate "2005.??.??"]

1. e4 e5 2. Nf3 Nf6 3. Nxe5 d6 4. Nf3 Nxe4 5. d4 d5 6. Bd3 Nc6 7. O-O Be7 8. c4
Nb4 9. Be2 O-O 10. a3 Nc6 11. cxd5 Qxd5 12. Nc3 Nxc3 13. bxc3 Bf5 14. Bf4 Rac8
15. Bg3 Bf6 16. Nd2 Na5 17. Qa4 b6 18. Rfe1 Rfe8 19. Bd3 c6 20. Ba6 1/2-1/2

[Event "BL 0506 OSC Baden Baden - SF Katernberg"]
[Site "?"]
[Date "2005.12.10"]
[Round "5.5"]
[White "Glek, Igor V"]
[Black "Dautov, Rustem"]
[Result "1/2-1/2"]
[WhiteElo "2566"]
[BlackElo "2581"]
[PlyCount "81"]
[EventDate "2005.??.??"]

1. e4 c6 2. d4 d5 3. e5 c5 4. dxc5 e6 5. a3 Nc6 6. Nf3 Bxc5 7. b4 Bb6 8. b5 Nb8
9. Bd3 Nd7 10. O-O Ne7 11. Bf4 Ng6 12. Bg3 Nc5 13. Nbd2 Nxd3 14. cxd3 a6 15. a4
Bd7 16. Qb3 O-O 17. d4 axb5 18. axb5 Rxa1 19. Rxa1 Qc7 20. Qa3 Rc8 21. h4 h5
22. Rb1 Be8 23. Nf1 Qc2 24. Qa1 Qc3 25. Qa4 Qd3 26. Qa1 Qc3 27. Qa4 Qd3 28. Qa1
Ne7 29. Ne3 Nf5 30. Nxf5 Qxf5 31. Rc1 Rc4 32. Kh2 Rxc1 33. Qxc1 Qd3 34. Qc8
Qxb5 35. Qxb7 Bd8 36. Qa8 Qa5 37. Qc8 Qc7 38. Qa6 Qb6 39. Qc8 Qc7 40. Qa6 Qb6
41. Qc8 1/2-1/2

[Event "BL 0506 OSC Baden Baden - SF Katernberg"]
[Site "?"]
[Date "2005.12.10"]
[Round "5.6"]
[White "Schlosser, Philipp"]
[Black "Smagin, Sergey"]
[Result "1-0"]
[WhiteElo "2560"]
[BlackElo "2565"]
[PlyCount "68"]
[EventDate "2005.??.??"]

1. d4 d5 2. c4 e6 3. Nf3 Nd7 4. Nbd2 Ngf6 5. g3 Be7 6. Bg2 O-O 7. O-O b6 8.
cxd5 exd5 9. b3 Re8 10. Ne5 Bb7 11. Bb2 c5 12. Rc1 Rc8 13. Ndf3 Rc7 14. Qd3
Nxe5 15. Nxe5 Qc8 16. dxc5 Bxc5 17. Qd1 d4 18. Bxb7 Qxb7 19. Bxd4 Rce7 20. Bxc5
Rxe5 21. Bd4 Rxe2 22. Bxf6 gxf6 23. Qd4 Qe7 24. Qg4+ Kh8 25. Rfd1 Qe6 26. Qxe6
R8xe6 27. a4 Kg7 28. Kg2 Re7 29. Rd3 Rb2 30. Rc4 h5 31. Rf3 Re6 32. b4 a6 33.
Rh4 Ra2 34. b5 axb5 {ZUe} 1-0

[Event "BL 0506 OSC Baden Baden - SF Katernberg"]
[Site "?"]
[Date "2005.12.10"]
[Round "5.7"]
[White "L'Ami, Erwin"]
[Black "Buhmann, Rainer"]
[Result "1-0"]
[WhiteElo "2541"]
[BlackElo "2546"]
[PlyCount "161"]
[EventDate "2005.??.??"]

1. d4 d5 2. c4 c6 3. Nf3 Nf6 4. Nc3 a6 5. e3 e6 6. b3 Bb4 7. Bd2 O-O 8. Bd3
Nbd7 9. O-O Qe7 10. Qc2 h6 11. e4 dxc4 12. bxc4 e5 13. d5 Bd6 14. Ne2 Nc5 15.
Ng3 Nh7 16. Rfe1 Bd7 17. a4 a5 18. Qb1 Rfb8 19. Bc2 b5 20. axb5 cxb5 21. cxb5
Rxb5 22. Qd1 Nf8 23. Be3 a4 24. Nd2 Rb4 25. Ra2 Ng6 26. Qf3 Nf4 27. Rea1 Qg5
28. Qd1 h5 29. Nf3 Qf6 30. Qe1 Rc4 31. Bxf4 Qxf4 32. Nxh5 Qg4 33. Ng3 Rc8 34.
Bd1 Qg6 35. Be2 Rxe4 36. Nxe4 Qxe4 37. h3 Nb3 38. Rd1 Bb4 39. Bd3 Qxe1+ 40.
Nxe1 Bd6 41. Nc2 Nc5 42. Ne3 Nxd3 43. Rxd3 Kf8 44. Rdd2 Ke7 45. Rdc2 Ra8 46.
Nc4 Ra6 47. Rcb2 Ra7 48. Rb1 f6 49. g4 Bc5 50. Rb8 a3 51. Rb3 Ra4 52. Nxa3 g5
53. Ra1 Kd6 54. Nc2 Rxa1+ 55. Nxa1 Kxd5 56. Nc2 Ke4 57. Ne3 Be6 58. Rc3 Kd4 59.
Rc1 e4 60. Kg2 Bd6 61. Rc6 Ke5 62. Nc4+ Bxc4 63. Rxc4 f5 64. Ra4 fxg4 65. hxg4
Bc7 66. Ra7 Bd6 67. Rf7 Ke6 68. Rf5 Bf4 69. Kf1 e3 70. fxe3 Bxe3 71. Ke2 Bf4
72. Kd3 Ke7 73. Ke4 Ke6 74. Ra5 Bd2 75. Ra6+ Ke7 76. Kf5 Kf7 77. Ra7+ Kf8 78.
Kf6 Kg8 79. Kg6 Kf8 80. Rf7+ Ke8 81. Rf5 1-0

[Event "BL 0506 Hamburger SK - SK Zehlendorf"]
[Site "?"]
[Date "2005.12.10"]
[Round "5.3"]
[White "Janz, Frerik"]
[Black "Hansen, Sune Berg"]
[Result "0-1"]
[WhiteElo "2355"]
[BlackElo "2555"]
[PlyCount "82"]
[EventDate "2005.??.??"]

1. d4 Nf6 2. c4 e6 3. Nf3 b6 4. e3 Bb7 5. Bd3 d5 6. O-O Bd6 7. b3 O-O 8. Bb2
Ne4 9. Nc3 a6 10. Qc2 f5 11. cxd5 Nxc3 12. Bxc3 Bxd5 13. Qe2 Nd7 14. Ne5 a5 15.
f3 Nxe5 16. dxe5 Bc5 17. Kh1 Qe7 18. e4 fxe4 19. Bxe4 c6 20. Rad1 Qh4 21. g3
Qh3 22. Bd4 Bxd4 23. Bxd5 cxd5 24. Rxd4 Rac8 25. Rd2 Rc3 26. Qg2 Qf5 27. f4 h5
28. h3 g5 29. Kh2 g4 30. h4 Rfc8 31. Rff2 Rc1 32. Rf1 Kf7 33. Rdf2 Kg6 34. Rxc1
Rxc1 35. Rf1 Rc3 36. Qg1 Rc2+ 37. Rf2 d4 38. Qg2 Rxf2 39. Qxf2 Qe4 40. f5+ exf5
41. Qd2 Qe3 0-1

[Event "BL 0506 Hamburger SK - SK Zehlendorf"]
[Site "?"]
[Date "2005.12.10"]
[Round "5.4"]
[White "Reeh, Oliver"]
[Black "Carmeille, Ludovic"]
[Result "1-0"]
[WhiteElo "2449"]
[BlackElo "2329"]
[PlyCount "73"]
[EventDate "2005.??.??"]

1. e4 c5 2. Nf3 d6 3. d4 cxd4 4. Nxd4 Nf6 5. Nc3 a6 6. f4 e5 7. Nf3 Nbd7 8. a4
Be7 9. Bd3 O-O 10. O-O exf4 11. Kh1 Ne5 12. Bxf4 Ng6 13. Be3 Ng4 14. Bg1 N4e5
15. Nd4 Be6 16. Nf5 Bf6 17. Be2 Qa5 18. Qe1 Kh8 19. Bd4 Rfd8 20. Rd1 Rac8 21.
Ne3 Nd7 22. Bxf6 Nxf6 23. Bd3 Qb4 24. Ncd5 Qxe1 25. Rfxe1 Nxd5 26. exd5 Bd7 27.
Nc4 Bg4 28. Rd2 b5 29. axb5 axb5 30. Na5 Re8 31. Rxe8+ Rxe8 32. h3 Re1+ 33. Kh2
Bd7 34. Nb7 Nf4 35. Nxd6 Nxd5 36. Bxb5 Ne3 37. Nxf7+ 1-0